| 000 | 01264nam a22003497a 4500 | ||
|---|---|---|---|
| 003 | EG-ScBUE | ||
| 005 | 20220613131933.0 | ||
| 006 | m||||fq||h 00| 0 | ||
| 008 | 110928s2010 enkab f 001 0 eng d | ||
| 020 | _a0521747945 | ||
| 020 | _a9780521747943 | ||
| 040 |
_aEG-ScBUE _beng _erda _cEG-ScBUE _dEG-ScBUE |
||
| 082 | 0 | 4 |
_222 _a428.64 _bREA |
| 245 | 0 | 0 |
_aRead this! 3 : _bFascinating Stories from the Content Areas, _pTeacher's manual / _cAlice Savage, [and three others] |
| 246 | 3 | 0 | _aTeacher's manual |
| 264 | 1 |
_aCambridge : _bCambridge University Press, _c2010. |
|
| 300 |
_a56 pages : _bcolor illustrations, color maps ; _c26 cm + _e1 CD |
||
| 336 |
_2rdacontent _atext _btxt |
||
| 336 |
_2rdacontent _asounds _bsnd |
||
| 337 |
_2rdamedia _aunmediated _bn |
||
| 337 |
_2rdamedia _aaudio _bs |
||
| 338 |
_2rdacarrier _avolume _bnc |
||
| 338 |
_2rdacarrier _acomputer disc _bcd |
||
| 500 | _aIncludes index | ||
| 650 | 7 |
_912631 _aEnglish language _vTextbooks for foreign speakers. _2BUEsh |
|
| 651 | _2BUEsh | ||
| 653 |
_cSeptember2011 _bHHUUEENN |
||
| 655 |
_vReading book _934232 |
||
| 700 | 1 |
_aSavage, Alice _d1962- _eauthor. |
|
| 856 |
_uwww.cambridge.org/readthis _zwebQuests online that help students explore the content further |
||
| 942 |
_2ddc _cTR |
||
| 999 |
_c16096 _d16096 |
||